[Event "Lichtenberger Sommer 2019"]
[Site "Berlin"]
[Date "2019.08.20"]
[Round "4.1"]
[White "Nötzel, Felix"]
[Black "Stern, René"]
[Result "0-1"]
[WhiteElo "2262"]
[BlackElo "2515"]
[PlyCount "120"]
[EventDate "2019.??.??"]
[WhiteTeam "SF 1903 Berlin"]
[BlackTeam "SK König Tegel"]

1. e4 e5 2. Nf3 Nc6 3. d4 exd4 4. Bc4 Nf6 5. O-O Nxe4 6. Re1 d5 7. Bxd5 Qxd5 8.
Nc3 Qd7 9. Nxe4 Be7 10. Bg5 O-O 11. Bxe7 Qxe7 12. Nxd4 Bd7 13. Nc3 Qc5 14. Nb3
Qf5 15. Nc5 Qxc5 16. Qxd7 Nd8 17. Rad1 Ne6 18. Qb5 Qxb5 19. Nxb5 Rfd8 20. Kf1
Kf8 21. c4 c6 22. Nc3 Rxd1 23. Rxd1 Ke7 24. Ke2 f5 25. h4 Nc5 26. Kf3 a5 27.
Kf4 Kf6 28. Rd6+ Ne6+ 29. Ke3 Ke7 30. Rd1 a4 31. Ne2 Ra5 32. f4 Rc5 33. b3 axb3
34. axb3 Ra5 35. Nd4 Ra3 36. Re1 Nc5 37. Nxf5+ Kf6 38. g4 Rxb3+ 39. Kd4 Ne6+
40. Ke4 Nc5+ 41. Kd4 b6 42. Re3 h5 43. Nd6 Rxe3 44. Kxe3 hxg4 45. h5 Nd7 46.
Ne8+ Kf7 47. Nd6+ Ke7 48. Nf5+ Kf8 49. h6 gxh6 50. Nxh6 Nf6 51. Nf5 Ke8 52. Kd4
Nh5 53. Ke5 g3 54. Ne3 Kd7 55. f5 Ke7 56. f6+ Kf7 57. Kd6 c5 58. Kc6 Nxf6 59.
Kxb6 Ne4 60. Kc6 Ke6 0-1

[Event "Lichtenberger Sommer 2019"]
[Site "Berlin"]
[Date "2019.08.20"]
[Round "4.2"]
[White "Ahmadinia, Ebrahim"]
[Black "Neffe, Axel"]
[Result "1-0"]
[WhiteElo "2453"]
[BlackElo "2198"]
[PlyCount "111"]
[EventDate "2019.??.??"]
[WhiteTeam "SF 1903 Berlin"]
[BlackTeam "SF Hamburg"]

1. e4 e5 2. Nf3 Nc6 3. Bb5 Bc5 4. O-O Nd4 5. Nxd4 Bxd4 6. d3 c6 7. Ba4 d6 8. c3
Bb6 9. Nd2 Ne7 10. Qh5 Qd7 11. Bb3 Ng6 12. Nc4 Bc7 13. d4 Qg4 14. Qxg4 Bxg4 15.
dxe5 Nxe5 16. Be3 Nxc4 17. Bxc4 Be6 18. Bb3 O-O-O 19. Rfd1 Rhe8 20. f3 Bb6 21.
Bxb6 axb6 22. Kf2 Kc7 23. Rd2 Bxb3 24. axb3 Re5 25. b4 f5 26. exf5 Rxf5 27. Re2
Rf7 28. Rae1 Kd7 29. h4 Ra8 30. h5 d5 31. g4 Raf8 32. Re3 Kd6 33. Kg3 h6 34. f4
d4 35. Re4 dxc3 36. bxc3 Rd8 37. f5 Rdd7 38. Kf4 Kc7 39. R1e3 b5 40. g5 hxg5+
41. Kxg5 Kb6 42. Rd4 Rc7 43. Rd6 Rf8 44. Rde6 Rff7 45. Kg6 Rfd7 46. h6 gxh6 47.
f6 Rd1 48. Re7 Rg1+ 49. Kxh6 Rh1+ 50. Kg5 Rg1+ 51. Kf4 Rc8 52. f7 Rf8 53. Kf5
Rh8 54. Re8 Rh5+ 55. Ke4 Rh4+ 56. Kd3 1-0

[Event "Lichtenberger Sommer 2019"]
[Site "Berlin"]
[Date "2019.08.20"]
[Round "4.3"]
[White "Zeitz, Philip"]
[Black "Thinius, Marco"]
[Result "0-1"]
[WhiteElo "2170"]
[BlackElo "2404"]
[PlyCount "70"]
[EventDate "2019.??.??"]
[WhiteTeam "SC Kreuzberg"]
[BlackTeam "SV Empor Berlin"]

1. c4 c5 2. Nc3 g6 3. g3 Bg7 4. Bg2 Nc6 5. Nf3 d6 6. O-O e6 7. a3 Nge7 8. Rb1
b6 9. d3 Bb7 10. e4 O-O 11. Be3 Nd4 12. Bxd4 cxd4 13. Ne2 e5 14. Qd2 Qd7 15. h4
h6 16. Nh2 f5 17. f4 Kh7 18. Rf2 Bc6 19. Re1 Rae8 20. b4 b5 21. c5 dxc5 22.
bxc5 fxe4 23. dxe4 d3 24. Nc1 exf4 25. Rxf4 Qd4+ 26. Kh1 Qxc5 27. Rxf8 Rxf8 28.
Qxd3 Rf2 29. Ng4 Rc2 30. Ne2 Qc4 31. Qe3 a5 32. Nf4 Qc3 33. Nd5 Bxd5 34. exd5
Nf5 35. Qe6 Qxg3 0-1

[Event "Lichtenberger Sommer 2019"]
[Site "Berlin"]
[Date "2019.08.20"]
[Round "4.4"]
[White "Figura, Atila Gajo"]
[Black "Wierzbicki, Jirawat"]
[Result "1-0"]
[WhiteElo "2394"]
[BlackElo "2160"]
[PlyCount "65"]
[EventDate "2019.??.??"]
[WhiteTeam "SK Zehlendorf"]
[BlackTeam "SK König Tegel"]

1. d4 d5 2. c4 dxc4 3. Nf3 Nf6 4. e3 Bg4 5. Bxc4 e6 6. h3 Bh5 7. Nc3 Nbd7 8.
O-O Bb4 9. Qb3 Bxc3 10. bxc3 Bxf3 11. gxf3 Rb8 12. Ba3 c5 13. dxc5 O-O 14. Qa4
Qc7 15. Bb5 Rfc8 16. Rfd1 Nxc5 17. Qxa7 Nd5 18. c4 Nxe3 19. Bxc5 Nxd1 20. Rxd1
Ra8 21. Qb6 Qf4 22. Be7 Qxf3 23. Qd4 Qxh3 24. Rd3 Qf5 25. Bd7 Rcb8 26. Bd6 Rd8
27. Be7 Rdb8 28. Rg3 g6 29. Kg2 Qa5 30. Rf3 e5 31. Qh4 Rf8 32. Qh6 f5 33. Be6+
1-0

[Event "Lichtenberger Sommer 2019"]
[Site "Berlin"]
[Date "2019.08.20"]
[Round "4.5"]
[White "Brümmel, Arend"]
[Black "Ortmann, David"]
[Result "0-1"]
[WhiteElo "2129"]
[BlackElo "2340"]
[PlyCount "72"]
[EventDate "2019.??.??"]
[WhiteTeam "Stader SV"]
[BlackTeam "SC Böblingen"]

1. Nf3 d5 2. e3 Nf6 3. c4 c6 4. Nc3 g6 5. b3 Bg7 6. Bb2 O-O 7. Be2 Nbd7 8. Qc2
Nc5 9. cxd5 cxd5 10. Nb5 Nce4 11. Bd4 Bf5 12. Qb2 a6 13. Nc3 Rc8 14. b4 Nxc3
15. Bxc3 Ne8 16. Nd4 Be4 17. O-O e5 18. Nb3 d4 19. exd4 exd4 20. Bxd4 Rc2 21.
Bxg7 Rxb2 22. Bxb2 Qg5 23. g3 Nd6 24. Rac1 Re8 25. Rc5 Qh6 26. Rfc1 Bc6 27. Re5
Rxe5 28. Bxe5 Ne4 29. f4 f6 30. Bd4 Qh3 31. Bf3 Nxg3 32. Bxc6 Ne2+ 33. Kf2
Qxh2+ 34. Ke3 Nxc1 35. Bd5+ Kg7 36. Nxc1 Qg1+ 0-1

[Event "Lichtenberger Sommer 2019"]
[Site "Berlin"]
[Date "2019.08.20"]
[Round "4.6"]
[White "Rosmann, Ilja"]
[Black "Hillmann, Michael"]
[Result "1/2-1/2"]
[WhiteElo "2323"]
[BlackElo "2138"]
[PlyCount "100"]
[EventDate "2019.??.??"]
[WhiteTeam "Königsspringer SC 1984"]
[BlackTeam "SV Sangerhausen"]

1. e4 d6 2. d4 Nf6 3. Nc3 g6 4. f3 c6 5. Be3 Qa5 6. Qd2 b5 7. e5 b4 8. exf6
bxc3 9. Qxc3 Qxc3+ 10. bxc3 exf6 11. Bd3 Be7 12. Ne2 f5 13. Kd2 Nd7 14. a4 Nb6
15. c4 Ba6 16. Kc3 d5 17. cxd5 Nxd5+ 18. Kd2 Bxd3 19. Kxd3 O-O 20. Rab1 c5 21.
Bd2 cxd4 22. Nxd4 Rfd8 23. Rb7 Bf6 24. c3 Nb6 25. a5 Na4 26. Rc7 Rd5 27. Ra1
Nb2+ 28. Kc2 Bxd4 29. cxd4 Rxd4 30. Bc3 Rc4 31. Rxc4 Nxc4 32. Kd3 Nd6 33. Rb1
a6 34. Rb6 Nb5 35. Be5 h6 36. Kc4 Kh7 37. Rxb5 axb5+ 38. Kxb5 Rd8 39. Bc7 Rd2
40. a6 Rb2+ 41. Kc6 Rxg2 42. a7 Ra2 43. Kb7 g5 44. a8=Q Rxa8 45. Kxa8 f4 46.
Kb7 Kg6 47. Bb6 g4 48. fxg4 Kg5 49. Kc6 Kxg4 50. Kd5 Kh3 1/2-1/2

[Event "Lichtenberger Sommer 2019"]
[Site "Berlin"]
[Date "2019.08.20"]
[Round "4.7"]
[White "Jachym, Adam"]
[Black "Barseghyan, Armen Ar"]
[Result "0-1"]
[WhiteElo "1994"]
[BlackElo "2313"]
[PlyCount "92"]
[EventDate "2019.??.??"]
[WhiteTeam "OKSZ Spolem Opole"]

1. e4 c5 2. c3 Nf6 3. e5 Nd5 4. d4 cxd4 5. Nf3 Nc6 6. Bc4 Nb6 7. Bb3 d6 8.
Bxf7+ Kxf7 9. Ng5+ Ke8 10. e6 Nd5 11. Nf7 Qa5 12. Nxh8 Bxe6 13. Qh5+ Kd7 14.
Nf7 h6 15. O-O Qa6 16. Qg6 Nf6 17. Nd2 Qb5 18. c4 Qf5 19. Qxf5 Bxf5 20. f4 g6
21. h3 Ke8 22. g4 Kxf7 23. gxf5 gxf5 24. Nf3 Bg7 25. b4 Ne4 26. b5 Na5 27. Bb2
Nxc4 28. Bxd4 Ncd2 29. Bxg7 Nxf1 30. Bd4 Nfg3 31. Re1 Rg8 32. Kh2 Rc8 33. Bxa7
Rc2+ 34. Kg1 Ne2+ 35. Kh1 Nxf4 36. Rg1 Rxa2 37. Be3 Nxh3 38. Rg2 Nhf2+ 39. Bxf2
Nxf2+ 40. Kg1 Nh3+ 41. Kh2 Rxg2+ 42. Kxg2 Nf4+ 43. Kg3 e5 44. Nd2 Ne2+ 45. Kf2
Nc3 46. b6 Ne4+ 0-1

[Event "Lichtenberger Sommer 2019"]
[Site "Berlin"]
[Date "2019.08.20"]
[Round "4.8"]
[White "Petersen, Soren Boeck"]
[Black "Poseck, Steffen"]
[Result "1-0"]
[WhiteElo "2218"]
[BlackElo "2041"]
[PlyCount "149"]
[EventDate "2019.??.??"]
[WhiteTeam "Damhus Skakklub"]
[BlackTeam "BSV 63 Chemie Weißensee"]

1. e4 d5 2. exd5 Qxd5 3. Nc3 Qe5+ 4. Be2 c6 5. d4 Qc7 6. Nf3 Nf6 7. Ne5 Nbd7 8.
Bf4 Nxe5 9. dxe5 Be6 10. O-O Nd7 11. Bg4 Nc5 12. Bf3 Rd8 13. Qe2 Bd7 14. Bg3
Ne6 15. Rad1 g6 16. Ne4 Qb6 17. Bg4 Bg7 18. Bxe6 Bxe6 19. Rxd8+ Qxd8 20. Nc5
Qc8 21. Nxe6 Qxe6 22. b3 O-O 23. Rd1 f6 24. Qe3 b6 25. Qd4 fxe5 26. Qd7 Qxd7
27. Rxd7 Bf6 28. Rxa7 Rd8 29. Kf1 e4 30. Bf4 Kf7 31. Ke2 Rd5 32. Be3 c5 33. Rb7
Rd6 34. Bf4 Rc6 35. a4 Bc3 36. Bg5 Re6 37. Bd2 Bf6 38. c3 Rd6 39. b4 Ke8 40.
bxc5 bxc5 41. Rb5 Ra6 42. a5 c4 43. Rc5 Kd7 44. Rxc4 Rxa5 45. Rxe4 Kd6 46. Rc4
Kd5 47. Rc8 Ra4 48. Kd3 Ra1 49. Rd8+ Kc6 50. Ke2 Ra2 51. g3 Kc5 52. Kd3 Kc6 53.
h4 Kc7 54. Rf8 Ra3 55. Rf7 Kd7 56. Rxh7 Ke8 57. h5 g5 58. Rh6 Kf7 59. g4 Rb3
60. Rg6 Ra3 61. Kc2 Ra2+ 62. Kd3 Ra3 63. f3 Rb3 64. Kc2 Ra3 65. Kb2 Ra5 66. Be3
Rd5 67. Kc2 Ra5 68. f4 Ra3 69. fxg5 Rxc3+ 70. Kd2 Be5 71. Ra6 Rc8 72. g6+ Kg8
73. Re6 Rd8+ 74. Ke2 Bd6 75. h6 1-0

[Event "Lichtenberger Sommer 2019"]
[Site "Berlin"]
[Date "2019.08.20"]
[Round "4.9"]
[White "Syre, Christian"]
[Black "Schulz, Hartmut"]
[Result "1-0"]
[WhiteElo "2198"]
[BlackElo "2064"]
[PlyCount "119"]
[EventDate "2019.??.??"]
[BlackTeam "SC Rochade (Berlin)"]

1. Nf3 d5 2. c4 c6 3. e3 Nf6 4. Nc3 Nbd7 5. d4 e6 6. Bd3 Bd6 7. e4 dxe4 8. Nxe4
Nxe4 9. Bxe4 Nf6 10. Bc2 Bb4+ 11. Kf1 Be7 12. Ne5 Nd7 13. Bf4 Nxe5 14. Bxe5 Bf6
15. Qe2 O-O 16. h4 Bxe5 17. dxe5 f5 18. Rd1 Qe8 19. c5 Bd7 20. Rh3 Qe7 21. Rd6
Rae8 22. f4 g6 23. Qd2 Bc8 24. Qa5 a6 25. Ke1 Kh8 26. Kd1 Kg7 27. Kc1 Kh8 28.
a3 Rg8 29. Kb1 Rgf8 30. Ka2 Rg8 31. Bb3 Rg7 32. Qe1 Rgg8 33. Qg3 h5 34. Qe1 Kg7
35. Qh1 Rh8 36. Rg3 Kf7 37. Rg5 Reg8 38. Qh3 Rg7 39. Rg3 Rgg8 40. Rgd3 Re8 41.
Qg3 Rhg8 42. Bc4 Rgf8 43. Kb1 Kg7 44. Kc1 Kf7 45. Kd1 Kg7 46. Ke2 Kf7 47. Kf1
Kg7 48. Kg1 Kf7 49. Kh2 Kg7 50. Kh3 Kf7 51. Rb3 Kg7 52. Rb6 Kf7 53. Be2 Rh8 54.
b4 Rhg8 55. a4 Rh8 56. Qb3 Rd8 57. Bf3 Rhe8 58. b5 axb5 59. axb5 cxb5 60. Qxb5
1-0

[Event "Lichtenberger Sommer 2019"]
[Site "Berlin"]
[Date "2019.08.20"]
[Round "4.10"]
[White "Hesse, Henrik"]
[Black "Teichert, Felix"]
[Result "1-0"]
[WhiteElo "2185"]
[BlackElo "2027"]
[PlyCount "49"]
[EventDate "2019.??.??"]
[WhiteTeam "SV Mattnetz Berlin"]
[BlackTeam "Leegebrucher SF"]

1. Nf3 c5 2. c4 g6 3. d4 cxd4 4. Nxd4 Nf6 5. Nc3 Bg7 6. e4 d6 7. Be2 Nc6 8. Be3
O-O 9. O-O Nxd4 10. Bxd4 Be6 11. f4 Qc8 12. b3 Re8 13. h3 h5 14. Qd3 Bd7 15.
Rad1 Nh7 16. Bxg7 Kxg7 17. Qd4+ Kg8 18. e5 Bf5 19. exd6 exd6 20. Bf3 h4 21. Nb5
Rd8 22. Nxd6 Qc7 23. Qe5 f6 24. Qd5+ Kf8 25. Qxb7 1-0

[Event "Lichtenberger Sommer 2019"]
[Site "Berlin"]
[Date "2019.08.20"]
[Round "4.11"]
[White "Kohler, Thomas"]
[Black "Zesewitz, Martin"]
[Result "1/2-1/2"]
[WhiteElo "2178"]
[BlackElo "1906"]
[PlyCount "58"]
[EventDate "2019.??.??"]
[WhiteTeam "SC Zitadelle Spandau"]
[BlackTeam "SF Friedrichshagen"]

1. Nf3 f5 2. g3 Nf6 3. Bg2 Nc6 4. d4 e6 5. O-O Be7 6. c4 d6 7. d5 exd5 8. cxd5
Ne5 9. Nd4 O-O 10. Nc3 Qe8 11. f4 Neg4 12. h3 Nh6 13. Qd3 Bd8 14. Kh2 Qh5 15.
Bf3 Qg6 16. Bd2 Re8 17. Rg1 Kh8 18. Rac1 a6 19. Rc2 Ne4 20. Be1 Bf6 21. Ne6
Bxe6 22. dxe6 Bxc3 23. Bxc3 Rxe6 24. g4 Nf2 25. Qd4 fxg4 26. f5 Nxf5 27. Qxf2
g3+ 28. Rxg3 Nxg3 29. Qxg3 c6 1/2-1/2

[Event "Lichtenberger Sommer 2019"]
[Site "Berlin"]
[Date "2019.08.20"]
[Round "4.12"]
[White "Simon, Ralf-Axel"]
[Black "Ahlers, Knut"]
[Result "1-0"]
[WhiteElo "2131"]
[BlackElo "1880"]
[PlyCount "79"]
[EventDate "2019.??.??"]
[WhiteTeam "SF Hannover"]
[BlackTeam "SV Bargteheide"]

1. c4 Nf6 2. Nf3 g6 3. Nc3 Bg7 4. e4 d6 5. d4 O-O 6. Be2 e5 7. O-O Nc6 8. d5
Ne7 9. Ne1 Nd7 10. Be3 a6 11. f3 f5 12. Nd3 f4 13. Bf2 g5 14. c5 Ng6 15. Qb3
Rb8 16. Rfc1 Rf7 17. cxd6 cxd6 18. Qd1 Bf8 19. Rc2 h5 20. Rac1 Rg7 21. Na4 Nh4
22. b3 a5 23. Ne1 Be7 24. Kh1 Kh7 25. a3 Qg8 26. Rc7 Bf6 27. Qc2 Nc5 28. Rxg7+
Qxg7 29. Nxc5 dxc5 30. Qxc5 Bd7 31. Qd6 Rd8 32. Rc7 Be7 33. Qb6 g4 34. d6 Bf6
35. Qxb7 g3 36. Bg1 Nxg2 37. Nxg2 gxh2 38. Bxh2 h4 39. Bb5 h3 40. Ne1 1-0

[Event "Lichtenberger Sommer 2019"]
[Site "Berlin"]
[Date "2019.08.20"]
[Round "4.13"]
[White "Fuchs, Dominik"]
[Black "Seitz, Patrick"]
[Result "1-0"]
[WhiteElo "1887"]
[BlackElo "2130"]
[PlyCount "85"]
[EventDate "2019.??.??"]
[WhiteTeam "SC Zitadelle Spandau"]
[BlackTeam "SC Böblingen"]

1. e4 c5 2. Nf3 Nc6 3. d4 cxd4 4. Nxd4 Nf6 5. Nc3 e5 6. Ndb5 d6 7. Nd5 Nxd5 8.
exd5 Ne7 9. c4 Ng6 10. Qa4 Bd7 11. Qb4 Qb8 12. Bd3 Be7 13. O-O O-O 14. Be3 f5
15. f3 b6 16. a4 f4 17. Bf2 Bf5 18. Bxf5 Rxf5 19. Nc3 Bd8 20. Ne4 Bc7 21. Qd2
Rh5 22. b4 Qc8 23. c5 bxc5 24. bxc5 Nh4 25. Bxh4 Rxh4 26. a5 Rh6 27. c6 Qd8 28.
Rfb1 g5 29. Rb7 Rg6 30. Kh1 h5 31. Qb4 g4 32. Rxc7 Qxc7 33. Qb7 Qc8 34. Rb1 a6
35. Qxc8+ Rxc8 36. fxg4 hxg4 37. Rb7 f3 38. Kg1 Rf8 39. c7 Rg7 40. Nf6+ Kh8 41.
Rb8 Rxc7 42. Rxf8+ Kg7 43. Ne8+ 1-0

[Event "Lichtenberger Sommer 2019"]
[Site "Berlin"]
[Date "2019.08.20"]
[Round "4.14"]
[White "Krefenstein, Sergej"]
[Black "Bergmann, Jens"]
[Result "1-0"]
[WhiteElo "2125"]
[BlackElo "1829"]
[PlyCount "36"]
[EventDate "2019.??.??"]
[WhiteTeam "BSC Rehberge"]
[BlackTeam "SK Tempelhof 1931"]

1. e4 d5 2. exd5 Qxd5 3. Nc3 Qa5 4. d4 c6 5. Nf3 Nf6 6. Bc4 b5 7. Bb3 b4 8. Ne2
Nbd7 9. O-O e6 10. Re1 Bd6 11. Nf4 O-O 12. Nxe6 fxe6 13. Rxe6 Nd5 14. Rxd6 Qc7
15. Rxd5 cxd5 16. Bxd5+ Kh8 17. Bxa8 Nf6 18. Ne5 Ne4 1-0

[Event "Lichtenberger Sommer 2019"]
[Site "Berlin"]
[Date "2019.08.20"]
[Round "4.15"]
[White "Kutschke, Jens"]
[Black "Sieglen, Joachim"]
[Result "1/2-1/2"]
[WhiteElo "1953"]
[BlackElo "2218"]
[PlyCount "71"]
[EventDate "2019.??.??"]
[WhiteTeam "SF 1903 Berlin"]
[BlackTeam "SC Untergrombach"]

1. e4 e6 2. d4 d5 3. exd5 exd5 4. Bd3 Nf6 5. Nf3 Bg4 6. O-O Be7 7. h3 Bh5 8.
Bf4 O-O 9. Nbd2 c5 10. dxc5 Bxc5 11. c3 Nc6 12. Qb3 Bb6 13. Bg5 d4 14. c4 h6
15. Bh4 g5 16. Bg3 Nd7 17. a3 Nc5 18. Qc2 Nxd3 19. Qxd3 Bg6 20. Qb3 d3 21. Rfe1
Rc8 22. Rac1 Bc7 23. Bxc7 Rxc7 24. Qc3 Re8 25. Rxe8+ Qxe8 26. Re1 Re7 27. Qc1
Re2 28. Kf1 Qe7 29. b4 Ne5 30. Qd1 Nxf3 31. Nxf3 Qf6 32. Rxe2 dxe2+ 33. Qxe2
Qa1+ 34. Qe1 Qxa3 35. Ne5 Bf5 36. c5 1/2-1/2

[Event "Lichtenberger Sommer 2019"]
[Site "Berlin"]
[Date "2019.08.20"]
[Round "4.16"]
[White "Barwich, Andreas"]
[Black "George, Tom"]
[Result "0-1"]
[WhiteElo "1951"]
[BlackElo "2210"]
[PlyCount "80"]
[EventDate "2019.??.??"]
[WhiteTeam "SV Berolina Mitte"]
[BlackTeam "SG Stadtilm"]

1. e4 c5 2. Nf3 e6 3. b3 b6 4. c4 Bb7 5. d3 Qf6 6. e5 Bxf3 7. exf6 Bxd1 8. Kxd1
Nxf6 9. g3 Nc6 10. Bb2 Be7 11. Bg2 O-O 12. Nd2 Rad8 13. Ke2 d5 14. Rad1 Ng4 15.
h3 Bf6 16. Bc1 Nd4+ 17. Kf1 Ne5 18. Nb1 Nec6 19. Be3 Nb4 20. Bxd4 Bxd4 21. a3
Nc6 22. f4 Ne7 23. Ke2 Nf5 24. Kf3 a5 25. a4 Bb2 26. Rd2 Bf6 27. Na3 Nd4+ 28.
Ke3 g5 29. h4 Nf5+ 30. Kf2 gxf4 31. gxf4 Bxh4+ 32. Kf3 Bf6 33. Nb5 Kh8 34. Bf1
Rg8 35. Rdh2 Rg7 36. Bh3 Nh4+ 37. Ke2 h5 38. Bf1 Rg4 39. f5 exf5 40. Kd2 Nf3+
0-1

[Event "Lichtenberger Sommer 2019"]
[Site "Berlin"]
[Date "2019.08.20"]
[Round "4.17"]
[White "Bauder, Herbert"]
[Black "Hermannsdörfer, Frank"]
[Result "0-1"]
[WhiteElo "1947"]
[BlackElo "2177"]
[PlyCount "78"]
[EventDate "2019.??.??"]
[WhiteTeam "Lasker Steglitz-Wilmersdorf"]
[BlackTeam "SV Liebschwitz"]

1. d4 d6 2. Nf3 Nf6 3. c4 Bf5 4. Qb3 b6 5. g3 c5 6. Bg2 Nc6 7. Qa4 Bd7 8. Qd1
g6 9. d5 Na5 10. Na3 Bg7 11. Nd2 a6 12. Rb1 b5 13. b3 Rb8 14. Bb2 O-O 15. O-O
Qc8 16. Re1 Bh3 17. e4 Bxg2 18. Kxg2 Qg4 19. Qxg4 Nxg4 20. Bxg7 Kxg7 21. f4 f6
22. h3 Nh6 23. g4 Nf7 24. Kg3 g5 25. Nf3 gxf4+ 26. Kxf4 Ne5 27. Nxe5 fxe5+ 28.
Ke3 Rf4 29. Kd3 Rf3+ 30. Re3 Rf4 31. Rc1 Kg6 32. Rg3 bxc4+ 33. Nxc4 Nxc4 34.
bxc4 Rb2 35. Rc2 Rxc2 36. Kxc2 Rxe4 37. Kd3 Rf4 38. a4 a5 39. Rg2 Rf3+ 0-1

[Event "Lichtenberger Sommer 2019"]
[Site "Berlin"]
[Date "2019.08.20"]
[Round "4.18"]
[White "Matitschka, Heinz"]
[Black "Amelang, Thomas"]
[Result "0-1"]
[WhiteElo "1930"]
[BlackElo "2165"]
[PlyCount "108"]
[EventDate "2019.??.??"]
[WhiteTeam "TSG Oberschöneweide"]
[BlackTeam "Münchener SC"]

1. d4 Nf6 2. c4 c5 3. d5 b5 4. Qc2 d6 5. e4 bxc4 6. Bxc4 g6 7. Nf3 Bg7 8. h3
O-O 9. O-O Nbd7 10. Bf4 Qb6 11. Nbd2 Rb8 12. Rab1 Ba6 13. Rfe1 Bxc4 14. Nxc4
Qa6 15. b3 Nb6 16. Nfd2 Rfe8 17. Rbd1 Rbd8 18. Nf3 h6 19. Re2 Kh7 20. Red2 Kg8
21. Nxb6 axb6 22. e5 dxe5 23. Nxe5 Qb7 24. Qc4 g5 25. Bh2 b5 26. Qe2 Rxd5 27.
Rxd5 Nxd5 28. Nxf7 Qc6 29. Qf3 e6 30. Nd6 Re7 31. Re1 Qd7 32. Ne4 c4 33. Rd1 c3
34. Nc5 Qc8 35. Nd3 Qf8 36. Qxf8+ Kxf8 37. Ne5 Ra7 38. a4 bxa4 39. bxa4 Rxa4
40. Rc1 Re4 41. Nd7+ Ke7 42. Nc5 Rc4 43. Nd3 Nb4 44. Ne1 c2 45. Nxc2 Rxc2 46.
Rd1 Nd5 47. Kf1 h5 48. Bb8 Bb2 49. g3 Kf6 50. Ba7 Kf5 51. Bd4 Rc1 52. Rxc1 Bxc1
53. Kg2 Ke4 54. Bc5 g4 0-1

[Event "Lichtenberger Sommer 2019"]
[Site "Berlin"]
[Date "2019.08.20"]
[Round "4.19"]
[White "Metzinger, Hannes"]
[Black "Tschernatsch, Johannes"]
[Result "0-1"]
[WhiteElo "1917"]
[BlackElo "2155"]
[PlyCount "158"]
[EventDate "2019.??.??"]
[WhiteTeam "SK Ottenau"]
[BlackTeam "SC Empor Potsdam"]

1. e4 c5 2. Nf3 d6 3. d4 cxd4 4. Nxd4 Nf6 5. Nc3 a6 6. f3 e5 7. Nb3 Be6 8. Be3
Be7 9. Qd2 O-O 10. O-O-O b5 11. g4 Nbd7 12. g5 Nh5 13. Kb1 Nb6 14. Nd5 Nxd5 15.
exd5 Bf5 16. Na5 Rc8 17. Nc6 Qd7 18. Bd3 Bxd3 19. Qxd3 Kh8 20. Rhg1 f5 21. f4
Nxf4 22. Bxf4 exf4 23. Qf3 Rfe8 24. Qxf4 g6 25. h4 Bf8 26. h5 Re4 27. Qh2 Kg8
28. hxg6 hxg6 29. Rh1 Qg7 30. Nd4 Rce8 31. Ne6 R8xe6 32. dxe6 Rxe6 33. Rd3 Kf7
34. Qf2 Qe5 35. a4 Bg7 36. Rb3 bxa4 37. Rb7+ Re7 38. Rxe7+ Qxe7 39. Qb6 Qe5 40.
Qb7+ Kg8 41. Qc8+ Kf7 42. Qb7+ Kg8 43. Qb8+ Kf7 44. Qb4 Qb5 45. Rh4 Be5 46.
Qc4+ Qxc4 47. Rxc4 f4 48. Rxa4 Ke6 49. Rxa6 Kf5 50. Kc1 Kxg5 51. Kd1 Kf5 52. b4
g5 53. Ke2 g4 54. b5 f3+ 55. Ke3 d5 56. b6 Bf4+ 57. Kf2 Ke4 58. Ra3 g3+ 59. Kg1
Bd6 60. Rc3 Bb4 61. Rc8 Ke3 62. b7 Ke2 63. Re8+ Kd1 64. Rc8 Bd2 65. Re8 Bc3 66.
Rg8 Bd4+ 67. Kh1 g2+ 68. Kh2 Be5+ 69. Kh3 Ke2 70. Re8 Kf2 71. Rxe5 g1=Q 72.
Re2+ fxe2 73. b8=Q Qh1+ 74. Kg4 Qe4+ 75. Kh3 Qg2+ 76. Kh4 e1=Q 77. Qf4+ Ke2+
78. Kh5 Qeh1+ 79. Qh2 Qhxh2# 0-1

[Event "Lichtenberger Sommer 2019"]
[Site "Berlin"]
[Date "2019.08.20"]
[Round "4.20"]
[White "Niehaus, Frank"]
[Black "Schubert, Joachim"]
[Result "1/2-1/2"]
[WhiteElo "2143"]
[BlackElo "1923"]
[PlyCount "54"]
[EventDate "2019.??.??"]
[WhiteTeam "SK König Tegel"]
[BlackTeam "SC Friesen Lichtenberg"]

1. e4 c5 2. Nf3 Nc6 3. d4 cxd4 4. Nxd4 Nf6 5. Nc3 d6 6. Bg5 e6 7. Qd2 Be7 8.
O-O-O Qa5 9. f4 Bd7 10. Nb3 Qb4 11. a3 Qb6 12. e5 Ng4 13. Bxe7 Nxe7 14. Qxd6
Bc6 15. Rd2 Nf2 16. Nb5 O-O 17. Qxe7 Nxh1 18. Qc5 f6 19. Qxb6 axb6 20. Nc7 Rad8
21. Nxe6 Rxd2 22. Kxd2 Re8 23. Ke1 b5 24. Nbd4 fxe5 25. fxe5 Bd7 26. Nf4 Rxe5+
27. Nfe2 Bg4 1/2-1/2